Statistics for Doin' This by Luke Combs

Click here to take the quiz!

General Stats

  • This quiz has been taken 187 times
  • The average score is 229 of 383

Answer Stats

Answer% Correct
I
99%
do
98%
doin'
96%
this
96%
a
95%
if
95%
in
94%
an
93%
on
93%
who
93%
you
93%
me
92%
go
91%
like
91%
what
91%
would
91%
interview
90%
to
90%
asked
89%
school
89%
some
89%
someone
89%
was
89%
weren't
89%
and
88%
once
88%
up
87%
where'd
85%
be
84%
growing
84%
I'd
82%
i'd
82%
my
80%
the
77%
first
60%
old
60%
drivin'
59%
of
59%
bar
58%
car
57%
friday
57%
night
57%
palm
57%
hand
56%
crowd
55%
job
55%
same
55%
dead
54%
end
54%
have
54%
just
54%
out
54%
worn
53%
guitar
51%
no
51%
with
50%
make
49%
makin'
49%
singin'
49%
tryin'
49%
still
48%
dodge
47%
brown
46%
jar
46%
stool
46%
tips
46%
buddies
45%
couple
45%
rent
45%
songs
45%
band
43%
am
42%
cup
42%
liquor
41%
stage
39%
them
39%
wasn't
39%
fire
35%
now
35%
through
35%
hardwood
34%
feelin'
33%
lightning
32%
lights
32%
runnin'
32%
veins
32%
bright
31%
town
29%
grand
28%
name
28%
at
26%
day
26%
guy
26%
back
25%
it
25%
they
25%
dang
24%
knew
24%
ole
23%
CDs
21%
show
20%
burnin'
19%
payin'
19%
dues
18%
or
18%
away
16%
his
15%
head
13%
full
12%
it's
11%
van
11%
about
10%
give
10%
livin'
10%
opery
10%
steam
10%
ain't
9%
fame
9%
life
9%
always
8%
been
8%
deep
8%
guess
8%
born
7%
dion'
7%
five
7%
hot
7%
I'm
7%
fortune
6%
neon
6%
heels
5%
comin'
4%
dreams
4%
glory
4%
having
4%
sayin'
4%
true
4%
maybe
2%

Score Distribution

Percentile by Number Answered

Percent of People with Each Score

Your Score History

You have not taken this quiz